Największe miasto w ... - Statystyki

Ogólne statystyki
  • Ten quiz został rozwiązany 361 razy
    358 od ostatniego zresetowania
  • Średni wynik to 10 z 21
Statystyki odpowiedzi
Największy w ... Miasto % Poprawnych
Krajach nordyckich Sztokholm
95%
Byłym ZSRR Moskwa
88%
Krajach bałtyckich Ryga
78%
Byłej Jugosławii Belgrad
76%
Kanadzie Toronto
75%
Kalifornii Los Angeles
73%
*Unii Europejskiej Berlin
70%
Oceanii Sydney
70%
Ameryce Północnej Meksyk
68%
Ameryce Południowej Sao Paulo
55%
Arabskojęzyczny Kair
44%
Teksasie Houston
40%
graniczące z Morzem Bałtyckim Petersburg
35%
na wyspie. Tokio
34%
Syberii Nowosybirsk
28%
graniczące z Morzem Kaspijskim Baku
22%
Afryce Subsaharyjskiej Lagos
21%
graniczące z Morzem Śródziemnym Aleksandria
14%
Francuskojęzyczny Kinszasa
11%
Ameryce Środkowej Tegucigalpa
9%
graniczące z Morzem Czerwonym Dżudda
4%
Nie znaleziono quizów pasujących do podanych kryteriów
Rozkład punktacji
Procent ludzi z każdym wynikiem
Percentyl według liczby udzielonych odpowiedzi
Twoja historia wyników
Nie rozwiązałeś tego quizu od ostatniego zresetowania